[Event "ICS Rated blitz match"]
[Site "204.178.125.65"]
[Date "1999.10.18"]
[Round "?"]
[White "NonWimp"]
[Black "Hossa"]
[Result "1-0"]
[WhiteElo "2767"]
[BlackElo "2512"]
[PlyCount "126"]
[EventDate "1999.??.??"]

1. e4 e5 2. Nf3 Nf6 3. Nxe5 d6 4. Nf3 Nxe4 5. d4 d5 6. Bd3 Be7 7. O-O Nc6 8.
Re1 Bg4 9. c4 Bxf3 10. Qxf3 Nxd4 11. Qe3 Nf5 12. Qf4 Nfd6 13. cxd5 Nc5 14. Bc2
O-O 15. Nc3 Nd7 16. Qf3 Re8 17. Bf4 a6 18. Re2 Nb5 19. Nxb5 axb5 20. Bd3 Bd6
21. Bxd6 cxd6 22. Rxe8+ Qxe8 23. Bxb5 Ne5 24. Qe2 Qd8 25. a4 Qh4 26. Rc1 Qd4
27. Qc2 Rf8 28. Qb3 Ng4 29. Rf1 Rb8 30. h3 Nf6 31. Rd1 Qc5 32. Qf3 Rc8 33. Bf1
Qb4 34. b3 Qa5 35. Qf4 Qd8 36. Bc4 Qe7 37. Rc1 Qd7 38. Re1 Rc5 39. Qf3 Qc8 40.
Qe3 Qb8 41. Qg5 b6 42. Re7 Qa8 43. Qf4 Qd8 44. Rb7 Rc8 45. Bb5 Rb8 46. Ra7 Rc8
47. Bc6 Qf8 48. Qe3 Rb8 49. b4 Qd8 50. a5 bxa5 51. bxa5 Rb1+ 52. Kh2 Qf8 53.
Ra8 Rb8 54. Rxb8 Qxb8 55. a6 Qd8 56. a7 Kf8 57. a8=Q Qxa8 58. Bxa8 g6 59. Qb6
Ne4 60. f3 Nf6 61. Qxd6+ Kg7 62. Qe5 h6 63. d6 63... g5 {Hossa resigns} 1-0

[Event "ICS Rated blitz match"]
[Site "204.178.125.65"]
[Date "1999.09.22"]
[Round "?"]
[White "Nouri"]
[Black "Hossa"]
[Result "0-1"]
[WhiteElo "1819"]
[BlackElo "1956"]
[PlyCount "84"]
[EventDate "1999.??.??"]

1. e4 e6 2. d4 d5 3. e5 c5 4. c3 Nc6 5. Nf3 Qb6 6. dxc5 Bxc5 7. Qc2 Qc7 8. Bf4
Nge7 9. b4 Ng6 10. Bg3 Bb6 11. Bb5 a6 12. Bxc6+ Qxc6 13. O-O a5 14. a3 axb4 15.
Qb2 bxc3 16. Nxc3 Bc5 17. a4 O-O 18. Nb5 Bd7 19. Rfc1 Qb6 20. h4 Ra5 21. Rcb1
f6 22. exf6 Bxb5 23. axb5 Rxf6 24. h5 Rxf3 25. gxf3 Bd4 26. Qc1 Rxa1 27. Rxa1
Bxa1 28. hxg6 Bf6 29. gxh7+ Kxh7 30. Qc2+ g6 31. Qd3 Qd4 32. Qa3 Qa1+ 33. Qxa1
Bxa1 34. Kf1 e5 35. Ke2 g5 36. Kd3 Kg7 37. Kc2 Kf6 38. Kb3 Bd4 39. Kb4 Ke7 40.
Ka4 Kd6 41. Kb4 b6 42. Bh2 42... Bxf2 {Nouri resigns} 0-1

[Event "ICS Rated blitz match"]
[Site "204.178.125.65"]
[Date "1999.09.28"]
[Round "?"]
[White "PUBCHESS"]
[Black "Hossa"]
[Result "0-1"]
[WhiteElo "2242"]
[BlackElo "2419"]
[PlyCount "96"]
[EventDate "1999.??.??"]

1. d4 Nf6 2. c4 g6 3. Nc3 Bg7 4. e4 d6 5. f3 O-O 6. Be3 Nc6 7. Qd2 Nxd4 8. Bxd4
e5 9. Be3 Nh5 10. Nge2 f5 11. O-O-O fxe4 12. fxe4 Be6 13. b3 a5 14. Kb2 a4 15.
h3 axb3 16. axb3 Nf6 17. g4 b5 18. cxb5 Qb8 19. Ng3 Rf7 20. Be2 Qb7 21. Ra1 Kh8
22. Rxa8+ Qxa8 23. Ra1 Qb7 24. Ra6 Bc8 25. Ra7 Qb8 26. Nd5 Be6 27. Nxf6 Rxf6
28. Qc3 Rf7 29. b6 cxb6 30. Rxf7 Bxf7 31. Qc6 d5 32. Qxb6 Qg8 33. exd5 Bxd5 34.
Qb5 Bg2 35. Bc4 Qd8 36. Qd5 Bxd5 37. Bxd5 Qxd5 38. Bd2 Qxd2+ 39. Ka3 Qa5+ 40.
Kb2 e4+ 41. Kc2 Qc3+ 42. Kd1 Qxb3+ 43. Ke2 Qd3+ 44. Ke1 Bc3+ 45. Kf2 Qf3+ 46.
Kg1 Bd4+ 47. Kh2 Qf2+ 48. Kh1 48... Qg1# {PUBCHESS checkmated} 0-1

[Event "ICS Rated blitz match"]
[Site "204.178.125.65"]
[Date "1999.10.06"]
[Round "?"]
[White "PUBCHESS"]
[Black "Hossa"]
[Result "0-1"]
[WhiteElo "2304"]
[BlackElo "2556"]
[PlyCount "38"]
[EventDate "1999.??.??"]

1. d4 d5 2. c4 dxc4 3. e4 e5 4. Nf3 exd4 5. Qxd4 Qxd4 6. Nxd4 Nf6 7. Nc3 Bb4 8.
f3 O-O 9. Bxc4 c5 10. Ndb5 Ne8 11. Bf4 a6 12. Nc7 Nxc7 13. Bxc7 Nd7 14. O-O-O
b5 15. Be2 Bxc3 16. bxc3 c4 17. f4 Re8 18. Bf3 Nc5 19. Rd4 19... Ne6 {
PUBCHESS resigns} 0-1

[Event "ICS Rated blitz match"]
[Site "204.178.125.65"]
[Date "1999.10.06"]
[Round "?"]
[White "PackMaster"]
[Black "Hossa"]
[Result "0-1"]
[WhiteElo "2617"]
[BlackElo "2502"]
[PlyCount "162"]
[EventDate "1999.??.??"]

1. e4 c5 2. Nf3 Nc6 3. d4 cxd4 4. Nxd4 Nf6 5. Nc3 e5 6. Ndb5 d6 7. Bg5 a6 8.
Na3 Be7 9. Bxf6 Bxf6 10. Nc4 Nd4 11. Nd5 Bg4 12. Qd3 Be6 13. Nxf6+ gxf6 14. Nd2
O-O 15. c3 Nc6 16. Nc4 d5 17. O-O-O d4 18. Qg3+ Kh8 19. Kb1 Rg8 20. Qd3 Rc8 21.
cxd4 Nxd4 22. Na3 f5 23. f3 fxe4 24. fxe4 f5 25. Qe3 fxe4 26. Qf2 Rf8 27. Qe1
Qd5 28. b3 Bf5 29. Nc4 Rce8 30. Ne3 Qc6 31. Bc4 Be6 32. Bxe6 Qxe6 33. Nc4 Nb5
34. Qe3 Rf4 35. Rd2 Qe7 36. Rhd1 Na3+ 37. Nxa3 Qxa3 38. g3 Rff8 39. Qxe4 b6 40.
Rd8 Qc5 41. R8d5 Qc6 42. Qe2 Qg6+ 43. Kb2 e4 44. Qxa6 Rf2+ 45. R5d2 Qf6+ 46.
Kb1 e3 47. Rxf2 exf2 48. Qf1 Qf5+ 49. Kb2 Qf3 50. Ka3 Qc3 51. Qa6 Qc5+ 52. Kb2
Re1 53. Qa8+ Kg7 54. Qb7+ Kg6 55. Qf3 Qe5+ 56. Ka3 Qe7+ 57. Kb2 f1=Q 58. Qxf1
Rxf1 59. Rxf1 Qe2+ 60. Kc3 Qxf1 61. a4 Qf2 62. Kc4 Qc2+ 63. Kb5 Qxb3+ 64. Ka6
Qc4+ 65. Kxb6 Qxa4 66. Kb7 Qb3+ 67. Kc7 Qxg3+ 68. hxg3 h5 69. Kd8 Kf5 70. Kd7
Kg4 71. Ke6 Kxg3 72. Kf5 h4 73. Ke4 h3 74. Ke3 h2 75. Kd4 h1=Q 76. Ke5 Qd1 77.
Ke4 Qd6 78. Ke3 Qd5 79. Ke2 Qd4 80. Ke1 Kf3 81. Kf1 81... Qd1# {
PackMaster checkmated} 0-1

[Event "ICS Rated blitz match"]
[Site "204.178.125.65"]
[Date "1999.10.06"]
[Round "?"]
[White "PackMaster"]
[Black "Hossa"]
[Result "1-0"]
[WhiteElo "2612"]
[BlackElo "2558"]
[PlyCount "74"]
[EventDate "1999.??.??"]

1. d4 Nf6 2. c4 c5 3. d5 b5 4. cxb5 a6 5. bxa6 g6 6. Nc3 Bxa6 7. e4 Bxf1 8.
Kxf1 d6 9. g3 Bg7 10. Kg2 O-O 11. Nf3 e5 12. dxe6 fxe6 13. e5 Ne8 14. Ne4 d5
15. Nxc5 Qe7 16. Qc2 Nd7 17. Nd3 Ra7 18. Bf4 Rc7 19. Qe2 Nc5 20. Rhc1 Nxd3 21.
Qxd3 Rxc1 22. Rxc1 Qb7 23. Qc2 Qb4 24. Qc6 Qxb2 25. Qxe6+ Kh8 26. Qd7 h6 27.
Rc8 g5 28. e6 gxf4 29. e7 fxg3 30. exf8=Q+ Bxf8 31. hxg3 Qg7 32. Qxe8 Kg8 33.
a4 Qf7 34. Qxf7+ Kxf7 35. a5 h5 36. a6 Be7 37. a7 37... Kf6 {Hossa resigns} 1-0

[Event "ICS Rated blitz match"]
[Site "204.178.125.65"]
[Date "1999.10.11"]
[Round "?"]
[White "PackMaster"]
[Black "Hossa"]
[Result "0-1"]
[WhiteElo "2487"]
[BlackElo "2381"]
[PlyCount "148"]
[EventDate "1999.??.??"]

1. e4 d5 2. exd5 c6 3. dxc6 Nxc6 4. Nf3 e5 5. Bd3 Bd6 6. Nc3 Nf6 7. O-O O-O 8.
Ne4 Bg4 9. h3 Nxe4 10. hxg4 Ng5 11. Qe2 a6 12. Nxg5 Qxg5 13. Qe4 g6 14. Bc4 Qf6
15. d3 Qh4 16. Be3 Na5 17. Bd5 Rac8 18. Rae1 Rxc2 19. Bxb7 Nxb7 20. Rb1 Rc7 21.
Rfc1 Re7 22. Rc6 a5 23. Rbc1 Kh8 24. Qd5 Rd8 25. Rc8 Rxc8 26. Rxc8+ Kg7 27. Rc4
Qf6 28. Bd2 Qe6 29. Qxe6 Rxe6 30. a3 Re7 31. b4 axb4 32. axb4 Rd7 33. g5 Bf8
34. Bc3 Rd5 35. Re4 Rxd3 36. Bxe5+ Kg8 37. Bc7 Rd5 38. Re8 Rb5 39. Rb8 f5 40.
gxf6 Kf7 41. Be5 Bxb4 42. f4 Bc5+ 43. Kh2 h5 44. Rh8 Rb1 45. Kg3 Rb3+ 46. Kh2
Rb4 47. f5 gxf5 48. Rxh5 Ke6 49. Bc3 Bd6+ 50. Kg1 Rb1+ 51. Kf2 Nc5 52. Rh3 Ne4+
53. Ke2 Rg1 54. Bd4 Rxg2+ 55. Kf3 Rg6 56. Rh8 Nxf6 57. Rd8 Ne4 58. Ke2 f4 59.
Kf3 Kd5 60. Bf2 Nxf2 61. Kxf2 Ke4 62. Rc8 Be5 63. Re8 f3 64. Rxe5+ Kxe5 65.
Kxf3 Rd6 66. Ke3 Kf5 67. Kf3 Re6 68. Kg3 Re3+ 69. Kh2 Rf3 70. Kg1 Kg4 71. Kg2
Rf4 72. Kh1 Rf2 73. Kg1 Kg3 74. Kh1 74... Rf1# {PackMaster checkmated} 0-1

[Event "ICS Rated blitz match"]
[Site "204.178.125.65"]
[Date "1999.08.27"]
[Round "?"]
[White "Panthee"]
[Black "Hossa"]
[Result "0-1"]
[WhiteElo "2189"]
[BlackElo "2377"]
[PlyCount "60"]
[EventDate "1999.??.??"]

1. e4 e5 2. Nf3 d6 3. d4 Nd7 4. Nc3 Be7 5. Bc4 Ngf6 6. O-O O-O 7. h3 Nb6 8. Bb3
Nfd7 9. Be3 c5 10. dxc5 dxc5 11. Bd5 Nxd5 12. Nxd5 Bd6 13. c4 f6 14. Rb1 Rf7
15. Qd2 Nf8 16. Rfd1 Rd7 17. a3 Ne6 18. b4 a5 19. b5 Nd4 20. Bxd4 cxd4 21. Ne1
Bxa3 22. Nd3 Bd6 23. c5 Bc7 24. Rdc1 Rf7 25. b6 Bb8 26. c6 bxc6 27. Rxc6 Bb7
28. Rc7 Bxd5 29. exd5 Bxc7 30. bxc7 30... Rxc7 {Panthee resigns} 0-1

[Event "ICS Rated blitz match"]
[Site "204.178.125.65"]
[Date "1999.09.24"]
[Round "?"]
[White "Pepero"]
[Black "Hossa"]
[Result "1-0"]
[WhiteElo "2037"]
[BlackElo "2414"]
[PlyCount "92"]
[EventDate "1999.??.??"]

1. e4 c5 2. c3 e6 3. d4 d5 4. e5 Nc6 5. Be3 Nge7 6. Nf3 Nf5 7. Bd3 Qb6 8. Qd2
cxd4 9. cxd4 Bb4 10. Nc3 O-O 11. O-O Nxe3 12. fxe3 f6 13. exf6 Rxf6 14. Ng5 h6
15. Rxf6 gxf6 16. Nh3 e5 17. Qf2 Bxc3 18. Qxf6 Nb4 19. Bh7+ Kxh7 20. Qf7+ Kh8
21. Qf8+ Kh7 22. Rf1 Be6 23. Qe7+ Kh8 24. Rf6 Bxh3 25. Rxb6 axb6 26. bxc3 Nxa2
27. Qxe5+ Kh7 28. gxh3 Rg8+ 29. Kf2 Rf8+ 30. Ke1 Nxc3 31. Qc7+ Kg6 32. Qxc3 Rf3
33. Qd2 Kf5 34. Qc2+ Kf6 35. Ke2 Rxh3 36. Kd3 b5 37. Qg2 Rh5 38. Qg3 Rf5 39.
Qd6+ Kg5 40. Qb6 h5 41. Qxb5 b6 42. Qxb6 h4 43. Qd8+ Kg4 44. e4 Rf3+ 45. Ke2
dxe4 46. Qg8+ 46... Kh3 {Hossa resigns} 1-0

[Event "ICS Rated blitz match"]
[Site "204.178.125.65"]
[Date "1999.10.12"]
[Round "?"]
[White "Poisoned-Pawn"]
[Black "Hossa"]
[Result "0-1"]
[WhiteElo "2124"]
[BlackElo "2446"]
[PlyCount "40"]
[EventDate "1999.??.??"]

1. e4 e5 2. Nf3 Nc6 3. Bb5 a6 4. Bxc6 dxc6 5. O-O Bg4 6. h3 Bxf3 7. Qxf3 Ne7 8.
d3 Ng6 9. Be3 Be7 10. Nd2 O-O 11. Rae1 Qd7 12. Qe2 f5 13. exf5 Rxf5 14. Ne4 Qd5
15. b3 Raf8 16. f3 Bh4 17. Bf2 Nf4 18. Qe3 Bxf2+ 19. Nxf2 Rg5 20. Kh2 20...
Rxg2+ {Poisoned-Pawn resigns} 0-1

[Event "ICS Rated blitz match"]
[Site "204.178.125.65"]
[Date "1999.10.13"]
[Round "?"]
[White "PostModernist"]
[Black "Hossa"]
[Result "1-0"]
[WhiteElo "2632"]
[BlackElo "2410"]
[PlyCount "74"]
[EventDate "1999.??.??"]

1. e4 c5 2. Nf3 e6 3. d4 cxd4 4. Nxd4 Nc6 5. Nb5 Nf6 6. N1c3 d6 7. Bf4 e5 8.
Bg5 a6 9. Na3 Be7 10. Bxf6 Bxf6 11. Nc4 Nd4 12. Nd5 Bg4 13. Qd3 Bh4 14. c3 Nc6
15. Nde3 Bc8 16. Nxd6+ Kf8 17. Be2 g6 18. O-O Rg8 19. Rad1 Kg7 20. Bg4 Bxg4 21.
Nxg4 Qg5 22. Qh3 Qe7 23. Ne3 Kh8 24. Nxb7 Qxb7 25. Qxh4 g5 26. Qg4 Rac8 27. Nc4
Rc7 28. Qf5 Qc8 29. Qf6+ Rg7 30. Nxe5 Qe8 31. Rd6 Qxe5 32. Rd8+ Nxd8 33. Qxe5
Ne6 34. Rd1 h5 35. Rd6 Rc5 36. Qf6 Rb5 37. Rxa6 37... Rxb2 {Hossa resigns} 1-0

[Event "ICS Rated blitz match"]
[Site "204.178.125.65"]
[Date "1999.10.14"]
[Round "?"]
[White "PostModernist"]
[Black "Hossa"]
[Result "1-0"]
[WhiteElo "2589"]
[BlackElo "2381"]
[PlyCount "65"]
[EventDate "1999.??.??"]

1. e4 c5 2. d4 e6 3. Nf3 cxd4 4. Nxd4 a6 5. Bd3 Nc6 6. Be3 d5 7. exd5 exd5 8.
O-O Ne5 9. Re1 Nxd3 10. Bg5+ Ne7 11. Qxd3 f6 12. Bd2 Kf7 13. c4 Bg4 14. Nc3 Rc8
15. cxd5 Nxd5 16. Qe4 Nxc3 17. Qxg4 Nb5 18. Qe6+ Kg6 19. Qf5+ Kf7 20. Nxb5 axb5
21. Ba5 Qxa5 22. Qxc8 Kg6 23. Qg4+ Kh6 24. Re3 g6 25. Qd7 Qb6 26. Rh3+ Kg5 27.
Qd2+ Kg4 28. Re1 Qxf2+ 29. Qxf2 Bd6 30. Qxf6 Bc5+ 31. Kh1 Rf8 32. Rg3+ Kh5 33.
Qg5# {Hossa checkmated} 1-0

[Event "ICS Rated blitz match"]
[Site "204.178.125.65"]
[Date "1999.09.07"]
[Round "?"]
[White "PostModernist"]
[Black "Hossa"]
[Result "1-0"]
[WhiteElo "2556"]
[BlackElo "2458"]
[PlyCount "133"]
[EventDate "1999.??.??"]

1. e4 e6 2. d4 d5 3. Nc3 Nf6 4. Bg5 Be7 5. e5 Nfd7 6. Bxe7 Qxe7 7. Nf3 Qd8 8.
Qd2 c5 9. Bb5 cxd4 10. Ne2 O-O 11. Nexd4 a6 12. Bd3 Qc7 13. Qf4 h6 14. O-O Nc6
15. Rfe1 Nxd4 16. Nxd4 Qb6 17. b3 f6 18. exf6 Rxf6 19. Qd2 e5 20. Nf5 Kh8 21.
Ne3 Qd6 22. Ng4 Rf7 23. Rad1 Qe6 24. f3 Rb8 25. c4 d4 26. Qe2 Re7 27. f4 e4 28.
Qxe4 Nf8 29. Ne5 Qb6 30. Bb1 d3+ 31. Qe3 Qxe3+ 32. Rxe3 Be6 33. Bxd3 Rd8 34. a4
Rd4 35. Re4 Rd6 36. Ree1 g5 37. Rf1 gxf4 38. Rxf4 Kg7 39. b4 Bg8 40. c5 Rf6 41.
Rxf6 Kxf6 42. Ng4+ Kg5 43. Nf2 Bb3 44. Rf1 Kh5 45. Nh3 Bf7 46. g3 Ne6 47. Re1
Re8 48. Re4 Kg6 49. Rxe6+ Kg7 50. Rxe8 Bxe8 51. Be4 Bd7 52. Bxb7 Bxh3 53. b5
axb5 54. a5 b4 55. a6 b3 56. a7 Be6 57. a8=Q b2 58. Be4 h5 59. Qb7+ Kg8 60. c6
Kf8 61. c7 Bc8 62. Qxc8+ Kg7 63. Qd7+ Kf6 64. Qd8+ Kg7 65. Qe7+ Kh6 66. Qh7+
Kg5 67. Qg7# {Hossa checkmated} 1-0

[Event "ICS Rated blitz match"]
[Site "204.178.125.65"]
[Date "1999.09.13"]
[Round "?"]
[White "PostModernist"]
[Black "Hossa"]
[Result "1-0"]
[WhiteElo "2487"]
[BlackElo "2432"]
[PlyCount "179"]
[EventDate "1999.??.??"]

1. e4 c6 2. d4 d5 3. Nc3 dxe4 4. Nxe4 Bf5 5. Ng3 Bg6 6. Nf3 Nd7 7. h4 Ngf6 8.
h5 Be4 9. Ng5 Bd5 10. c4 e6 11. cxd5 cxd5 12. Qb3 h6 13. Nh3 Bd6 14. Qxb7 Bxg3
15. fxg3 Rb8 16. Qxa7 Nxh5 17. Qa3 Ra8 18. Qe3 O-O 19. Be2 Nhf6 20. g4 Qa5+ 21.
Kd1 Ne4 22. g5 hxg5 23. Nf2 Ndf6 24. Nxe4 Nxe4 25. Bd3 f5 26. Bxe4 fxe4 27. b3
Qb6 28. Bb2 Rf4 29. Qg3 Raf8 30. Rc1 Qd6 31. Re1 Qa6 32. Rc2 Qxa2 33. Ree2 Qb1+
34. Bc1 Rf1+ 35. Re1 Rxe1+ 36. Qxe1 Qxb3 37. Qc3 Qb5 38. Bd2 Rf1+ 39. Be1 Kf7
40. Qa3 Qb1+ 41. Rc1 Qb6 42. Qc3 Kg6 43. Kd2 Qb5 44. Kc2 Qe2+ 45. Qd2 Qc4+ 46.
Kb1 Qb3+ 47. Qb2 Qe3 48. Bc3 Rf2 49. Qb5 Kf5 50. Rf1 Kg4 51. Rxf2 Qxf2 52. Qd7
Qg1+ 53. Kc2 Qxg2+ 54. Kb3 Qf3 55. Qxe6+ Qf5 56. Qe7 g6 57. Bd2 Kh4 58. Kb4 Kh3
59. Qxg5 Qxg5 60. Bxg5 Kg4 61. Bd8 Kf5 62. Kc5 g5 63. Kxd5 e3 64. Bc7 e2 65.
Bg3 Kg4 66. Be1 Kf3 67. Kc4 g4 68. Kd3 Kf4 69. Kxe2 Ke4 70. Bc3 g3 71. Ba1 g2
72. Kf2 g1=N 73. Kxg1 Kd5 74. Kg2 Ke4 75. Bc3 Kd5 76. Kf3 Kd6 77. Ke4 Ke6 78.
d5+ Kd6 79. Be5+ Kd7 80. d6 Ke6 81. Bh2 Kf6 82. Kd5 Kf7 83. d7 Ke7 84. Kc6 Kd8
85. Bc7+ Ke7 86. d8=Q+ Kf7 87. Qg5 Kf8 88. Qf6+ Kg8 89. Qg6+ Kh8 90. Be5# {
Hossa checkmated} 1-0

[Event "ICS Rated blitz match"]
[Site "204.178.125.65"]
[Date "1999.09.06"]
[Round "?"]
[White "PostModernist"]
[Black "Hossa"]
[Result "1-0"]
[WhiteElo "2575"]
[BlackElo "2467"]
[PlyCount "135"]
[EventDate "1999.??.??"]

1. e4 c5 2. Nf3 d6 3. d4 cxd4 4. Nxd4 Nf6 5. Nc3 g6 6. Bc4 Bg7 7. h3 O-O 8. Bb3
Nc6 9. Be3 Nxd4 10. Bxd4 b6 11. Qf3 Ba6 12. O-O-O Bb7 13. g4 Bh6+ 14. Kb1 Nd7
15. Bd5 Bxd5 16. Nxd5 Rc8 17. Qa3 e6 18. Nc3 Rc6 19. Nb5 d5 20. Nxa7 Rc7 21.
exd5 exd5 22. Nb5 Rc6 23. Nc3 Re8 24. Nxd5 Re2 25. Rhe1 Bf8 26. Qb3 Rcxc2 27.
Rxe2 Rxe2 28. Nxb6 Nxb6 29. Bxb6 Qf6 30. Bd4 Qe7 31. a4 Re1 32. Rxe1 Qxe1+ 33.
Ka2 Qd2 34. Bb6 Bb4 35. Qc4 h5 36. gxh5 gxh5 37. Be3 Qd6 38. Qb5 Qe6+ 39. Ka1
Qb3 40. Qg5+ Kh7 41. Qxh5+ Kg8 42. Qg4+ Kf8 43. Qc8+ Kg7 44. Bd4+ f6 45. Qc7+
Kg6 46. Qg3+ Qxg3 47. fxg3 Kf7 48. Bb6 Ke6 49. a5 Kd5 50. a6 Kc6 51. a7 Kb7 52.
g4 Ka8 53. Kb1 Kb7 54. Bd4 Be7 55. h4 Ka8 56. h5 Bf8 57. Bxf6 Kxa7 58. g5 Bb4
59. h6 Kb6 60. h7 Kb7 61. g6 Bd2 62. g7 Ba5 63. g8=Q Bb6 64. h8=Q Bc7 65. Qh1+
Ka7 66. Qa2+ Ba5 67. Qxa5+ Kb8 68. Qha8# {Hossa checkmated} 1-0

[Event "ICS Rated blitz match"]
[Site "204.178.125.65"]
[Date "1999.10.14"]
[Round "?"]
[White "PostModernist"]
[Black "Hossa"]
[Result "1-0"]
[WhiteElo "2572"]
[BlackElo "2371"]
[PlyCount "51"]
[EventDate "1999.??.??"]

1. e4 e5 2. Bc4 Nf6 3. d3 c6 4. Nf3 d5 5. Bb3 Bg4 6. h3 Bh5 7. exd5 Bxf3 8.
Qxf3 cxd5 9. Bg5 Nbd7 10. Bxf6 Nxf6 11. Ba4+ Ke7 12. Bb3 Rc8 13. O-O Kd6 14. c4
dxc4 15. Bxc4 Qd7 16. Re1 b5 17. Bb3 Rc5 18. a4 b4 19. Nd2 Ke7 20. Nc4 Qd4 21.
Qb7+ Nd7 22. Re4 Qxd3 23. Nxe5 Qxe4 24. Qxd7+ Kf6 25. Qxf7+ Kxe5 26. Qe6+ {
Hossa resigns} 1-0

[Event "ICS Rated blitz match"]
[Site "204.178.125.65"]
[Date "1999.10.14"]
[Round "?"]
[White "PostModernist"]
[Black "Hossa"]
[Result "1-0"]
[WhiteElo "2570"]
[BlackElo "2379"]
[PlyCount "92"]
[EventDate "1999.??.??"]

1. e4 c5 2. Nf3 e6 3. d4 cxd4 4. Nxd4 a6 5. Bd3 Nf6 6. O-O Qc7 7. Kh1 Nc6 8.
Be3 Nxd4 9. Bxd4 e5 10. Be3 d5 11. exd5 Nxd5 12. Bxa6 bxa6 13. Qxd5 Bb7 14. Qb3
Qc6 15. f3 Be7 16. Nd2 Rd8 17. Nc4 Rd5 18. Rfd1 O-O 19. Rxd5 Qxd5 20. Na5 Ba8
21. Qxd5 Bxd5 22. c4 Ba8 23. c5 Rb8 24. Nc4 e4 25. fxe4 Bxe4 26. Nd6 Bxd6 27.
cxd6 Bf5 28. Bd4 Rd8 29. Re1 Be6 30. Bc5 Kf8 31. Kg1 Ke8 32. b4 Kd7 33. a4 Rc8
34. Rc1 Bb3 35. a5 Rc6 36. h3 Rxd6 37. Bxd6 Kxd6 38. b5 axb5 39. a6 Ke7 40. Rd1
Bxd1 41. a7 h6 42. a8=Q Ba4 43. g4 Kf6 44. Qd8+ Ke6 45. Qf8 g6 46. Qxh6 46...
Kd5 {Hossa resigns} 1-0

[Event "ICS Rated blitz match"]
[Site "204.178.125.65"]
[Date "1999.10.06"]
[Round "?"]
[White "PostModernist"]
[Black "Hossa"]
[Result "1-0"]
[WhiteElo "2664"]
[BlackElo "2570"]
[PlyCount "116"]
[EventDate "1999.??.??"]

1. e4 d5 2. exd5 Qxd5 3. Nc3 Qa5 4. d4 Nf6 5. Nf3 Bg4 6. h3 Bh5 7. g4 Bg6 8.
Ne5 e6 9. Nc4 Qb4 10. a3 Qe7 11. Bf4 Nd5 12. Qd2 Nxf4 13. Qxf4 Bxc2 14. Bg2 c6
15. Be4 Bb3 16. Nd2 Bd5 17. O-O Qd8 18. Bxd5 cxd5 19. Nb5 Na6 20. Rfc1 Be7 21.
Nf3 O-O 22. Qe3 Qd7 23. Qd3 f6 24. Rc3 Bd6 25. Nxd6 Qxd6 26. Rac1 e5 27. dxe5
fxe5 28. Ng5 g6 29. Ne4 Qe6 30. Ng5 Qd7 31. b4 Rad8 32. b5 e4 33. Qd4 Qxb5 34.
Ne6 Qd7 35. Rc7 Nxc7 36. Rxc7 Rf7 37. Rxd7 Rdxd7 38. Qxa7 Rfe7 39. Qb6 Re8 40.
Qb5 Ree7 41. Nf4 d4 42. Nd5 Kf8 43. Nxe7 Rxe7 44. Qd5 d3 45. Kg2 Kg7 46. Kg3 h6
47. a4 g5 48. h4 gxh4+ 49. Kxh4 Kg6 50. f3 exf3 51. Qxf3 d2 52. Qd3+ Kg7 53.
Qxd2 Kh7 54. Qd3+ Kg7 55. Qd4+ Kf7 56. Qd5+ Kg7 57. Kh5 b6 58. Qd6 58... Re2 {
Hossa resigns} 1-0

[Event "ICS Rated blitz match"]
[Site "204.178.125.65"]
[Date "1999.09.17"]
[Round "?"]
[White "PostModernist"]
[Black "Hossa"]
[Result "1-0"]
[WhiteElo "2509"]
[BlackElo "2424"]
[Annotator "Fritz 5.32 (20s)"]
[PlyCount "116"]
[EventDate "1999.??.??"]

1. d4 1... Nf6 {Opening = A52 - 3.de5 Ng4} 2. c4 e5 3. dxe5 Ng4 4. e4 Nxe5 5.
f4 Nec6 6. Be3 Bb4+ 7. Nd2 O-O (7... d6 8. Ngf3 (8. Bd3 Na6 9. a3 Bc5 10. Qe2
Qf6 11. Rb1 Bg4 12. Ngf3 Nd4 13. Qf2 Ne6 14. g3 Bxe3 15. Qxe3 Nac5 16. Bc2 a5
17. f5 Nd8 18. Ng1 Nc6 19. h3 Nd4 20. Rc1 Bh5 21. Kf1 h6 22. g4 Bg6 23. e5 dxe5
24. Ngf3 Nxf3 25. Nxf3 Nd7 26. fxg6 fxg6 27. Kg2 O-O 28. Rhf1 Qc6 29. Qe4 Rf6
30. Qxc6 Rxc6 31. Ba4 Rd6 32. Bxd7 Rxd7 33. Nxe5 Rd2+ 34. Rf2 Rad8 35. Rc2 Rd1
36. Nxg6 Rb1 37. Rcd2 Re8 38. Rfe2 Ra8 39. Rd7 Kh7 40. Nf4 Rc8 41. Nh5 a4 42.
Nxg7 b6 43. Nh5+ Kh8 44. Nf6 {
1-0 Jerosch,C-Graf,M/Schwaebisch Gmuend 1998/CBM 62 ext (44)}) 8... Qe7 9. Bd3
Nd7 10. a3 Bc5 11. Qe2 f5 12. O-O-O Bxe3 13. Qxe3 Nc5 14. Bc2 O-O 15. Rhe1 a5
16. g3 Bd7 17. exf5 Qxe3 18. Rxe3 Bxf5 19. Bxf5 Rxf5 20. Ne4 a4 21. Nh4 Rf7 22.
Nxc5 {Banikas,H-Dantas,C/Zagan 1995/EXT 97/ - (53)}) 8. Ngf3 d6 9. Bd3 9... f5
$146 (9... Na6 10. Qe2 Re8 11. a3 Bc5 12. b4 Bxe3 13. Qxe3 Nab8 14. O-O Nd7 15.
Rfe1 f5 16. b5 Na5 17. Qd4 Nc5 18. exf5 Rf8 19. g4 Nab3 20. Nxb3 Nxb3 21. Qd5+
Kh8 22. Rad1 h6 23. Bc2 Nc5 24. Ne5 c6 25. Ng6+ {
1-0 Wiedenkeller,M-Eklund,M/Stockholm 1990/EXT 97 (25)}) 10. O-O Nd7 11. a3 Bc5
12. Qe2 12... fxe4 $11 (12... Bxe3+ 13. Qxe3 Nc5 14. Bc2 $11) 13. Nxe4 Bb6 14.
Neg5 Bxe3+ 15. Qxe3 Nf6 16. Rfe1 Rb8 17. Ne6 Bxe6 18. Qxe6+ Kh8 19. Ng5 Qc8 20.
b4 Nd4 21. Qe3 {Weiss erhaelt starke Initiative} 21... Nc6 22. b5 22... Nd8 $18
(22... Na5 $5 23. Ne6 23... Re8 $16) 23. Qxa7 h6 24. Nf3 24... Ra8 $18 (24...
Nh5 25. f5 b6 26. Nh4 $18) 25. Nh4 Rxa7 26. Ng6+ Kh7 27. Ne7+ Kh8 28. Nxc8 Ra8
29. Ne7 Re8 30. Bg6 Rf8 31. Bc2 Rf7 32. h4 Ra5 33. Nd5 Kg8 34. Bg6 Nxd5 35.
Bxf7+ Kxf7 36. cxd5 Rxb5 37. Red1 Rc5 38. Rdc1 Ke7 39. g4 Kd7 40. Rxc5 dxc5 41.
Kf2 Nf7 42. Kf3 c4 43. Ke4 c6 44. dxc6+ Kxc6 45. Kf5 {
Jetzt haengt g5 in der Luft} 45... Nh8 (45... Nd6+ 46. Kg6 Ne8 47. g5 $18) 46.
g5 (46. Rd1 {gibt noch groesseren Vorteil} 46... Kc7 $18) 46... h5 (46... hxg5
47. hxg5 Nf7 48. Rd1 Nd6+ 49. Kg6 $18) 47. Rd1 b5 (47... Kc7 {
aendert nichts mehr} 48. a4 $18) 48. g6 c3 49. Rd3 c2 50. Rc3+ Kd7 51. Rxc2 Kd8
52. Rc6 Kd7 53. Ra6 Kc7 54. Ra7+ Kc6 55. Rxg7 Kb6 (55... Kd6 {
nuetzt auch nichts mehr} 56. Rb7 Nxg6 57. Kxg6 $18) 56. Rg8 {Es droht Matt}
56... Nxg6 57. Kxg6 Kc7 58. f5 Kb7 1-0

[Event "ICS Rated blitz match"]
[Site "204.178.125.65"]
[Date "1999.10.13"]
[Round "?"]
[White "PostModernist"]
[Black "Hossa"]
[Result "1/2-1/2"]
[WhiteElo "2631"]
[BlackElo "2403"]
[PlyCount "168"]
[EventDate "1999.??.??"]

1. d4 d5 2. c4 e6 3. Nf3 Bb4+ 4. Nc3 dxc4 5. e3 Bxc3+ 6. bxc3 Qd5 7. Qe2 b5 8.
a4 a6 9. axb5 axb5 10. Rxa8 Qxa8 11. Qd1 Bb7 12. Be2 Qa5 13. Bd2 Nf6 14. O-O
Ne4 15. Qc2 Nxd2 16. Nxd2 Bc6 17. Qb2 O-O 18. Ra1 Qb6 19. Qb4 Nd7 20. Ra5 Nf6
21. Qa3 Rd8 22. Ra6 Qb7 23. Ra7 Qb8 24. Nf3 Nd5 25. Ra5 Bd7 26. Bd1 c6 27. e4
Nf6 28. Bc2 Qf4 29. e5 b4 30. cxb4 Nd5 31. Ra8 Bc8 32. Ra7 c3 33. Qa1 Nxb4 34.
Qb1 Nxc2 35. Qxc2 Qf5 36. Qxc3 Qb1+ 37. Ne1 Rxd4 38. Ra1 Qb6 39. Nd3 Rd8 40.
Rc1 Ba6 41. Nc5 Be2 42. f4 Rd3 43. Qc2 Rd1+ 44. Rxd1 Bxd1 45. Qc1 Qd8 46. Qe3
Bc2 47. h3 h5 48. Kh2 Qd1 49. Nb7 Qf1 50. Nc5 Bf5 51. Qd4 Kh7 52. Qd2 h4 53.
Qe3 Kh6 54. Nb7 Kg6 55. Nc5 Kh5 56. Nb7 Bg6 57. Qd2 f5 58. exf6 gxf6 59. Nd8 e5
60. fxe5 fxe5 61. Nxc6 Qf4+ 62. Qxf4 exf4 63. Nd4 Bf7 64. Kg1 Bd5 65. Nb5 Kg5
66. Kf2 Kf6 67. Nd4 Ke5 68. Nf3+ Bxf3 69. Kxf3 Kf5 70. Kf2 Ke4 71. Ke2 Ke5 72.
Kd3 Kd5 73. Ke2 Ke6 74. Kd2 Kf6 75. Kd3 Ke5 76. Ke2 Kf6 77. Kf2 Kg6 78. Ke2 Kf6
79. Kd2 Ke6 80. Ke2 Ke5 81. Kf3 Kf5 82. Kf2 Kf6 83. Kf3 Kf5 84. Kf2 84... Kf6 {
Game drawn by repetition} 1/2-1/2